Normal view MARC view

Entry Nombre geográfico

Number of records used in: 1

001 - NÚMERO DE CONTROL

  • campo de control: 19255

003 - IDENTIFICADOR DEL NÚMERO DE CONTROL

  • campo de control: FranzMayer

005 - FECHA Y HORA DE LA ÚLTIMA TRANSACCIÓN

  • campo de control: 20190320210004.0

008 - DATOS DE LONGITUD FIJA

  • campo de control de longitud fija: 190320|| aca||aabn | a|a d

040 ## - FUENTE DE LA CATALOGACIÓN

  • Centro catalogador/agencia de origen: FranzMayer
  • Centro/agencia transcriptor: FranzMayer

151 ## - ENCABEZAMIENTO--NOMBRE GEOGRÁFICO

  • Nombre geográfico: Egipto
  • Subdivisión general: Relaciones económicas exteriores

670 ## - FUENTE DE DATOS ENCONTRADOS

  • Cita de la fuente: Work cat.: (FranzMayer): Landes, David S. 19251, Bankers and pashas, 1958